000 00953nam a22002177a 4500
005 20240530110933.0
008 220214s2004 ua a g 000 0 ara d
017 _bمصر. دار الكتب
040 _aEG-CaGPL
_cEG-CaGPL
082 0 4 _221
_a915.65\
_bم م
100 0 _aمجموعة من المؤلفين
245 1 2 _aالمدينة فى سورية واقاليمها :
_bالموروثات والمتحولات /
_cمجموعة من المؤلفين ؛ اشراف جان كلود دافيد ، محمد الدبيات ؛ ترجمة محمد الدبيات
250 _aط. 1
260 _aدمشق :
_bدار الجندى للنشر والتوزيع،
_c2004
300 _a585 ص. ؛
_c24 سم
650 0 7 _2qrmak
_aالاحياء السكنية
_zسوريا
650 0 7 _aتخطيط المدن
_zسوريا
700 0 _aمحمد الدبيات
_eمترجم ومشرف
942 _2ddc
_cBK
999 _c66684
_d66684